003570000a220007300045001000024000002450189000243000056002137730014002691 aHernandez, Germán10aLectores del mundo entero : íUnios! Leer no es obligatorio --hay derecho a no leer, o al menos a saltarse las páginas de un libro, o a leer en cualquier lugar o hacerlo en voz alta aVol. 3, Num. 3 (Junio-Julio, 1993), Páginas 60-620 tCambio 16